=LDR 00000nam 2200000 4500 =001 NUTBA000000000001555 =005 20200819093415 =035 ##$$a 0010-051400000000020 =008 200819################g##########0#ind## =020 ##$$a 979-433-083-3 =082 ##$$a 2x9.874 =245 ##$$a Para perintis zaman baru islam /$c editor Ali Rahnema =250 ##$$a cet.1 =260 ##$$a Bandung :$b Mizan,$c 1995 =300 ##$$a 270 hlm ; $c 15x22 cm. =084 ##$$a 2x9.874 PAR p =650 #4$$a Tokoh Islam =700 #$$a Rahnema, Ali =504 ##$$a Indeks : hlm. 265 - 270 =990 ##$$a 96.203 pro.96 =990 ##$$a 00056140 =990 ##$$a 101.031 pro.96